[Event "EU-ch U18 Girls 18th"]
[Site "Herceg Novi"]
[Date "2008.09.16"]
[Round "2"]
[White "Kirpichenko, Ekaterina"]
[Black "Di Cerbo, Giulia"]
[Result "1/2-1/2"]
[WhiteElo "2026"]
[BlackElo "1795"]
[PlyCount "56"]
[EventDate "2008.09.15"]
[EventType "swiss"]
[EventRounds "9"]
[EventCountry "MNE"]
[SourceTitle "CBM 126 Extra"]
[Source "ChessBase"]
[SourceDate "2008.11.05"]
[SourceVersion "1"]
[SourceVersionDate "2008.11.05"]
[SourceQuality "1"]

1. e4 e6 2. Nc3 d5 3. Nf3 dxe4 4. Nxe4 Bd7 5. d4 Bc6 6. Bd3 Nd7 7. Qe2 Ngf6 8. Bg5 Be7 9. Nc3 0-0 10. 0-0-0 Bxf3 11. Qxf3 c6 12. h4 Nb6 13. g4 Nbd5 14. Bxf6 Nxf6 15. g5 Nd5 16. Ne4 Qc7 17. Qh5 g6 18. Qe2 e5 19. h5 exd4 20. Rh4 Nf4 21. Qg4 Nxd3+ 22. Rxd3 Qe5 23. Rdh3 f5 24. gxf6 Bxf6 25. Nxf6+ Rxf6 26. Qxd4 Qxd4 27. Rxd4 gxh5 28. Rxh5 Raf8 1/2-1/2

[Event "ITA-ch (Women)"]
[Site "Bratto"]
[Date "2008.08.26"]
[Round "5"]
[White "Fittante, Giuliana"]
[Black "Di Cerbo, Giulia"]
[Result "1-0"]
[WhiteElo "1833"]
[BlackElo "1795"]
[PlyCount "91"]
[EventDate "2008.08.22"]
[EventType "swiss"]
[EventRounds "9"]
[EventCountry "ITA"]
[SourceTitle "CBM 126 Extra"]
[Source "ChessBase"]
[SourceDate "2008.11.05"]
[SourceVersion "1"]
[SourceVersionDate "2008.11.05"]
[SourceQuality "1"]

1. d4 e6 2. Nf3 d5 3. c3 Nf6 4. Bg5 c5 5. e3 Nc6 6. Bd3 Bd6 7. Nbd2 h6 8. Bxf6 gxf6 9. dxc5 Bxc5 10. Nb3 Bd6 11. Bc2 Qc7 12. Qd2 Bd7 13. 0-0-0 Ke7 14. g3 Rac8 15. Nfd4 Ne5 16. e4 Nc4 17. Qe1 dxe4 18. Bxe4 a5 19. Bd3 a4 20. Bxc4 Qxc4 21. Nf5+ Kf8 22. Nxd6 Qc7 23. Na1 Ra8 24. Nc2 Bc6 25. Rg1 Bd5 26. Nb5 Qb6 27. Nca3 Bxa2 28. Rd6 Qc5 29. Qd2 Kg7 30. Qd4 Qh5 31. Re1 Bb3 32. Rd7 Rab8 33. Nd6 e5 34. Qe4 Rhd8 35. Nf5+ Kh8 36. Rd6 Rxd6 37. Nxd6 Rd8 38. Nab5 Rd7 39. Qf5 Qxf5 40. Nxf5 Kh7 41. Nbd6 Rc7 42. Re4 h5 43. Rb4 Kg6 44. g4 Rc5 45. gxh5+ Kg5 46. Ne4+ 1-0

[Event "ITA-ch (Women)"]
[Site "Bratto"]
[Date "2008.08.23"]
[Round "2"]
[White "Di Cerbo, Giulia"]
[Black "Ambrosi, Eleonora"]
[Result "0-1"]
[WhiteElo "1795"]
[BlackElo "2160"]
[PlyCount "94"]
[EventDate "2008.08.22"]
[EventType "swiss"]
[EventRounds "9"]
[EventCountry "ITA"]
[SourceTitle "CBM 126 Extra"]
[Source "ChessBase"]
[SourceDate "2008.11.05"]
[SourceVersion "1"]
[SourceVersionDate "2008.11.05"]
[SourceQuality "1"]

1. d4 d5 2. Nf3 Nc6 3. Bf4 Bg4 4. e3 f6 5. Be2 Qd7 6. Nbd2 0-0-0 7. c4 e6 8. a3 Nce7 9. Rc1 dxc4 10. Nxc4 g5 11. Bg3 Nf5 12. Qc2 Nxg3 13. hxg3 Bf5 14. Qc3 Kb8 15. b4 Bd6 16. Nxd6 Qxd6 17. 0-0 h5 18. Bb5 Ne7 19. Qc5 h4 20. Qxd6 cxd6 21. gxh4 g4 22. Nd2 Rxh4 23. g3 Rh5 24. Kg2 d5 25. Rh1 Rdh8 26. Rxh5 Rxh5 27. Rh1 Rxh1 28. Kxh1 Kc7 29. Kg1 Kb6 30. Be2 Nc8 31. Nf1 Nd6 32. Nh2 Nc4 33. a4 Bc2 34. a5+ Kb5 35. Nxg4 f5 36. Ne5 Kxb4 37. Nd7 Kxa5 38. Nc5 b5 39. Nxe6 b4 40. Nc5 b3 41. Nxb3+ Bxb3 42. Bd3 Nd6 43. Kg2 Kb4 44. f3 Bd1 45. Ba6 Kc3 46. Kf2 Kd2 47. f4 Ne4+ 0-1

[Event "ITA-ch (Women)"]
[Site "Fiuggi"]
[Date "2007.07.21"]
[Round "4"]
[White "De Rosa, Mariagrazia"]
[Black "Di Cerbo, Giulia"]
[Result "1-0"]
[WhiteElo "2085"]
[BlackElo "1863"]
[PlyCount "45"]
[EventDate "2007.07.18"]
[EventType "swiss"]
[EventRounds "9"]
[EventCountry "ITA"]
[SourceTitle "CBM 119 Extra"]
[Source "ChessBase"]
[SourceDate "2007.09.04"]
[SourceVersion "1"]
[SourceVersionDate "2007.09.04"]
[SourceQuality "1"]

1. e4 e6 2. d4 d5 3. e5 c5 4. c3 Nc6 5. Nf3 Qb6 6. a3 Nge7 7. b4 cxd4 8. cxd4 Nf5 9. Be3 Be7 10. Bd3 Bd7 11. Nc3 Nxe3 12. fxe3 Nxb4 13. axb4 Bxb4 14. 0-0 Bxc3 15. Rc1 Rc8 16. Ng5 g6 17. Nxf7 0-0 18. Qf3 Bxd4 19. Qf6 Bxe3+ 20. Kh1 Bf4 21. Rxc8 Rxc8 22. Qh8+ Kxf7 23. Rxf4+ 1-0

[Event "EU-ch U18 Girls"]
[Site "Herceg Novi"]
[Date "2006.09.11"]
[Round "2"]
[White "Kruljac, Petra"]
[Black "Di Cerbo, Giulia"]
[Result "1/2-1/2"]
[WhiteElo "2073"]
[BlackElo "1914"]
[PlyCount "49"]
[EventDate "2006.09.10"]
[EventType "swiss"]
[EventRounds "9"]
[EventCountry "MNE"]
[SourceTitle "CBM 114 Extra"]
[Source "ChessBase"]
[SourceDate "2006.11.03"]
[SourceVersion "1"]
[SourceVersionDate "2006.11.03"]
[SourceQuality "1"]

1. d4 d5 2. c4 c6 3. e3 Nf6 4. Nc3 e6 5. Qc2 Bd6 6. Nf3 Nbd7 7. Bd2 0-0 8. 0-0-0 Qe7 9. h3 dxc4 10. Bxc4 e5 11. Bd3 Re8 12. Ng5 Nf8 13. Nce4 Nxe4 14. Nxe4 Bc7 15. dxe5 Bxe5 16. Kb1 Bf5 17. Nc5 Bxd3 18. Nxd3 Bf6 19. Bb4 Qc7 20. Bxf8 Rxf8 21. Rd2 Rfd8 22. Rhd1 Qb6 23. Qc5 Qc7 24. Nf4 Qe7 25. Qc2 1/2-1/2

[Event "ITA-ch (Women) 33rd"]
[Site "Bratto"]
[Date "2006.08.24"]
[Round "6"]
[White "Di Cerbo, Giulia"]
[Black "Arnetta, Maria Teresa"]
[Result "1-0"]
[WhiteElo "1914"]
[BlackElo "2020"]
[PlyCount "137"]
[EventDate "2006.08.19"]
[EventType "swiss"]
[EventRounds "9"]
[EventCountry "ITA"]
[SourceTitle "CBM 113 Extra"]
[Source "ChessBase"]
[SourceDate "2006.09.14"]
[SourceVersion "1"]
[SourceVersionDate "2006.09.14"]
[SourceQuality "1"]

1. d4 d5 2. Nf3 c5 3. c3 Nf6 4. Bf4 Qb6 5. Qc2 Nc6 6. e3 g6 7. Nbd2 Bg7 8. Be2 0-0 9. 0-0 Re8 10. Qb3 Qxb3 11. axb3 Nd7 12. Rfd1 h6 13. h3 cxd4 14. exd4 Nf6 15. Bd3 Bd7 16. Re1 a6 17. Ne5 Nxe5 18. Bxe5 Bc6 19. Nf3 Nd7 20. Bxg7 Kxg7 21. Ne5 Nxe5 22. Rxe5 e6 23. Rae1 Bb5 24. Bc2 Rec8 25. R1e3 Ra7 26. Rg3 Kf6 27. Rf3+ Ke7 28. Rg3 Kf6 29. h4 h5 30. Rf3+ Ke7 31. Rfe3 Kd6 32. Bd3 Bxd3 33. Rxd3 a5 34. Rf3 b5 35. Kh2 Rcc7 36. Ree3 b4 37. cxb4 axb4 38. Re2 Ra1 39. Rd3 Rcc1 40. Red2 Rab1 41. Kg3 Rh1 42. Rf3 Rbd1 43. Rdd3 Rxd3 44. Rxd3 e5 45. f3 exd4 46. Rxd4 Kc5 47. Rd2 d4 48. Rc2+ Kd5 49. Rd2 Re1 50. Kf4 f6 51. g4 hxg4 52. fxg4 Re4+ 53. Kf3 Re3+ 54. Kg2 Rxb3 55. h5 gxh5 56. gxh5 Re3 57. h6 Re8 58. Kf3 Rh8 59. Rh2 Kc4 60. Ke4 d3 61. Ke3 Kb3 62. Kxd3 Rh7 63. Ke4 Ka2 64. Kf5 Rxh6 65. Rxh6 Kxb2 66. Ke4 b3 67. Kd3 Ka2 68. Rh2+ Ka3 69. Kc3 1-0

[Event "ITA-ch (Women)"]
[Site "Bratto"]
[Date "2005.08.28"]
[Round "9"]
[White "Di Cerbo, Giulia"]
[Black "Ambrosi, Eleonora"]
[Result "1/2-1/2"]
[WhiteElo "1763"]
[BlackElo "2118"]
[PlyCount "57"]
[EventDate "2005.08.20"]
[EventType "swiss"]
[EventRounds "9"]
[EventCountry "ITA"]
[SourceTitle "CBM 108 Extra"]
[Source "ChessBase"]
[SourceDate "2005.11.04"]
[SourceVersion "1"]
[SourceVersionDate "2005.11.04"]
[SourceQuality "1"]

1. d4 d5 2. Nf3 Nc6 3. Bf4 Bg4 4. Nbd2 e6 5. e3 Bd6 6. Bg3 Nf6 7. Be2 0-0 8. 0-0 Bxg3 9. hxg3 Qd6 10. c4 a5 11. Rc1 h6 12. Re1 Bf5 13. cxd5 exd5 14. Qb3 Rfb8 15. Rc3 a4 16. Qa3 Nb4 17. Rec1 c6 18. Ne5 Qf8 19. Rc5 Na6 20. Bxa6 Rxa6 21. R5c3 Qd8 22. Nd3 Bxd3 23. Rxd3 Ra5 24. Rc5 Rba8 25. Qb4 Rxc5 26. Qxc5 Ra5 27. Qa3 Rb5 28. b3 axb3 29. Rxb3 1/2-1/2

[Event "ITA-ch (Women)"]
[Site "Bratto"]
[Date "2005.08.25"]
[Round "6"]
[White "Di Cerbo, Giulia"]
[Black "Tonel, Giulia"]
[Result "1-0"]
[WhiteElo "1763"]
[BlackElo "1793"]
[PlyCount "79"]
[EventDate "2005.08.20"]
[EventType "swiss"]
[EventRounds "9"]
[EventCountry "ITA"]
[SourceTitle "CBM 108 Extra"]
[Source "ChessBase"]
[SourceDate "2005.11.04"]
[SourceVersion "1"]
[SourceVersionDate "2005.11.04"]
[SourceQuality "1"]

1. d4 Nf6 2. Nd2 d5 3. Ngf3 e6 4. e3 Bd6 5. c3 0-0 6. Bd3 Nbd7 7. 0-0 c5 8. e4 cxd4 9. Nxd4 Nc5 10. Qe2 Nxd3 11. Qxd3 Bd7 12. exd5 Nxd5 13. Ne4 Be7 14. Nf3 h6 15. Ne5 Qc7 16. Qg3 Kh7 17. Nxd7 Qxd7 18. Rd1 Qc6 19. Qd3 f5 20. Ng3 Rad8 21. Qe2 Bf6 22. Re1 Rfe8 23. Nh5 e5 24. g4 g6 25. Nxf6+ Qxf6 26. Qf3 e4 27. Qe2 f4 28. Qb5 Re7 29. Qc4 Nb6 30. Qf1 g5 31. Qg2 Qc6 32. h4 Kg7 33. Qh2 Qe6 34. Qh3 Qf6 35. h5 Rd3 36. Qf1 Qd6 37. b3 Kg8 38. a4 Qc5 39. c4 Qd4 40. Ba3 1-0

[Event "ITA-ch (Women)"]
[Site "Bratto"]
[Date "2005.08.22"]
[Round "3"]
[White "Santurbano, Maria Vincenza"]
[Black "Di Cerbo, Giulia"]
[Result "1-0"]
[WhiteElo "2001"]
[BlackElo "1763"]
[PlyCount "109"]
[EventDate "2005.08.20"]
[EventType "swiss"]
[EventRounds "9"]
[EventCountry "ITA"]
[SourceTitle "CBM 108 Extra"]
[Source "ChessBase"]
[SourceDate "2005.11.04"]
[SourceVersion "1"]
[SourceVersionDate "2005.11.04"]
[SourceQuality "1"]

1. e4 e6 2. d4 d5 3. Nd2 Nf6 4. e5 Nfd7 5. Ngf3 c5 6. c3 Nc6 7. Be2 Be7 8. h4 Qb6 9. Qb3 Qxb3 10. Nxb3 b6 11. Bf4 Bb7 12. a4 c4 13. Nbd2 0-0 14. 0-0 a6 15. b4 cxb3 16. Nxb3 Rfc8 17. Rfc1 Na7 18. h5 Rc7 19. Nfd2 b5 20. Na5 Bc8 21. Nf3 Nb6 22. axb5 Nxb5 23. c4 dxc4 24. Nxc4 Nd5 25. Bd2 Bd7 26. Ba5 Nf4 27. Bf1 Rc6 28. Nb6 Ba3 29. Rxc6 Bxc6 30. Nxa8 Bxa8 31. Bxb5 axb5 32. Rxa3 h6 33. Bd2 Ne2+ 34. Kf1 Bxf3 35. gxf3 Nxd4 36. Kg2 Nc6 37. f4 Kh7 38. Ra6 Nd4 39. Rb6 g6 40. hxg6+ Kxg6 41. Be3 Nf5 42. Rxb5 h5 43. Kh3 f6 44. exf6 Kxf6 45. Bb6 Kg6 46. Bd8 Nd4 47. Rg5+ Kh6 48. Bf6 Ne2 49. Bg7+ Kh7 50. Be5 Kh6 51. Kh4 Nc1 52. Rxh5+ Kg6 53. Kg4 Nd3 54. Rg5+ Kh6 55. Bd4 1-0

[Event "Padova op-B 7th"]
[Site "Padova"]
[Date "2004.12.12"]
[Round "3"]
[White "Zanirato, Stefano"]
[Black "Di Cerbo, Giulia"]
[Result "1/2-1/2"]
[WhiteElo "1786"]
[BlackElo "1676"]
[PlyCount "97"]
[EventDate "2004.12.11"]
[EventType "swiss"]
[EventRounds "6"]
[EventCountry "ITA"]
[SourceTitle "EXT 2023"]
[Source "ChessBase"]
[SourceDate "2022.10.05"]
[SourceVersion "1"]
[SourceVersionDate "2022.10.05"]
[SourceQuality "1"]

1. Nf3 e6 2. d3 d5 3. c3 Nf6 4. Qc2 c5 5. e4 Nc6 6. Be2 b6 7. 0-0 Bb7 8. a3 Bd6 9. b4 cxb4 10. axb4 Qc7 11. Na3 a6 12. g3 0-0 13. Nh4 dxe4 14. dxe4 Ne5 15. f3 Ng6 16. Nxg6 hxg6 17. Bd3 b5 18. Bb2 Rac8 19. Qe2 Be5 20. Rac1 Rfd8 21. Bb1 Qb6+ 22. Kg2 Rd7 23. Rfd1 Rxd1 24. Qxd1 Rd8 25. Qe2 Bb8 26. c4 bxc4 27. Nxc4 Qxb4 28. Ba3 Qb5 29. Bd3 Qd7 30. Rb1 Qxd3 31. Qxd3 Rxd3 32. Rxb7 Rd8 33. e5 Nd5 34. Bd6 Bxd6 35. Nxd6 Ne3+ 36. Kf2 Nf5 37. Nxf7 Rd2+ 38. Ke1 Rxh2 39. Ng5 Kf8 40. Nxe6+ Kg8 41. Ng5 Kf8 42. g4 Nd4 43. f4 Rh4 44. Rd7 Nc6 45. Rc7 Ne7 46. Ra7 Ke8 47. e6 Nd5 48. Rxg7 Rxg4 49. Nf7 1/2-1/2